[Event "SEMI A009 email"]
[Site "SEMI email"]
[Date "2000.??.??"]
[Round "?"]
[White "Turp, Michael John"]
[Black "Gomez, Carlos"]
[Result "1/2-1/2"]
[WhiteElo "1856"]
[BlackElo "2100"]
[PlyCount "41"]
[EventDate "2000.04.05"]
[EventType "tourn (corr)"]
[EventRounds "5"]
[EventCountry "ITA"]
[SourceTitle "Corr 2002"]
[Source "ChessBase"]
[SourceDate "2002.05.23"]
[SourceVersion "1"]
[SourceVersionDate "2002.05.23"]
[SourceQuality "1"]

1. d4 d5 2. Nf3 Nf6 3. e3 Bg4 4. c4 c6 5. Nbd2 e6 6. Bd3 Bd6 7. 0-0 0-0 8. b3 e5 9. cxd5 exd4 10. dxc6 Nxc6 11. exd4 Nxd4 12. h3 Bf5 13. Bxf5 Nxf5 14. Bb2 Bf4 15. Nc4 Rc8 16. Qb1 Nd6 17. Rd1 Qc7 18. Bxf6 gxf6 19. Nxd6 Bxd6 20. Qf5 Kg7 21. Qg4+ 1/2-1/2